<?xml version="1.0" encoding="UTF-8"?>
<marc:record xmlns:marc="http://www.loc.gov/MARC21/slim">
   <marc:leader>00000nam a2200000 a 4500</marc:leader>
   <marc:datafield ind1="1" ind2=" " tag="100">
      <marc:subfield code="a">Fischer, Ernst Peter</marc:subfield>
      <marc:subfield code="4">aut</marc:subfield>
      <marc:subfield code="e">Verfasser/-in</marc:subfield>
   </marc:datafield>
   <marc:datafield ind1=" " ind2=" " tag="653">
      <marc:subfield code="a">Religion</marc:subfield>
   </marc:datafield>
   <marc:datafield ind1=" " ind2=" " tag="653">
      <marc:subfield code="a">Naturwissenschaften</marc:subfield>
   </marc:datafield>
   <marc:datafield ind1=" " ind2=" " tag="653">
      <marc:subfield code="a">Softcover / Sachbücher/Geschichte/Allgemeines</marc:subfield>
   </marc:datafield>
   <marc:datafield ind1=" " ind2=" " tag="653">
      <marc:subfield code="a">Nachschlagewerke</marc:subfield>
   </marc:datafield>
   <marc:datafield ind1="0" ind2="0" tag="245">
      <marc:subfield code="a">Gott und der Urknall</marc:subfield>
   </marc:datafield>
   <marc:datafield ind1="0" ind2="0" tag="245">
      <marc:subfield code="b">Religion und Wissenschaft im Wechselspiel der Geschichte</marc:subfield>
   </marc:datafield>
   <marc:datafield ind1="0" ind2="0" tag="245">
      <marc:subfield code="c">Ernst Peter Fischer</marc:subfield>
   </marc:datafield>
   <marc:datafield ind1=" " ind2="1" tag="264">
      <marc:subfield code="a">Freiburg</marc:subfield>
      <marc:subfield code="b">Herder</marc:subfield>
      <marc:subfield code="c">2017</marc:subfield>
   </marc:datafield>
   <marc:datafield ind1="1" ind2=" " tag="520">
      <marc:subfield code="a">Angaben aus der Verlagsmeldung

Gott und der Urknall : Religion und Wissenschaft im Wechselspiel der Geschichte / von Ernst Peter Fischer

Religion und Naturwissenschaft – ein ewiger Gegensatz? Der renommierte Wissenschaftshistoriker Ernst Peter Fischer weiß: Religion und Wissenschaft ergänzen sich. Die eine kann nicht ohne die andere. Alle Wissenschaftler – von Thales bis heute – haben gewusst, dass der Glaube an die Götter zu den Menschen gehört. Ernst Peter Fischer nimmt den Leser mit auf einen faszinierenden Gang durch die Geschichte des menschlichen Erkenntnisgewinns: Vom Ursprung der Welt über das Wesen des Menschen bis hin zur Rolle Gottes. Ganz nebenbei erfahren wir mehr über Isaac Newton und die Hintergründe seiner Gravitationslehre, wir lernen, warum es ohne Rasiermesser keine Wissenschaft gibt und was es mit dem Maxwell'schen Dämon auf sich hat, wir begleiten den ausgemachten Atheisten Charles Darwin auf die Galapagos-Inseln und erfahren auch, warum Sigmund Freud wahrscheinlich doch nicht recht hatte. Eine etwas andere Wissenschaftsgeschichte und ein großer Lesegenuss.
</marc:subfield>
   </marc:datafield>
   <marc:datafield ind1=" " ind2=" " tag="020">
      <marc:subfield code="a">9783451329869</marc:subfield>
      <marc:subfield code="9">9783451329869</marc:subfield>
   </marc:datafield>
   <marc:datafield ind1=" " ind2=" " tag="020">
      <marc:subfield code="a">3451329867</marc:subfield>
      <marc:subfield code="9">3451329867</marc:subfield>
   </marc:datafield>
   <marc:datafield ind1=" " ind2=" " tag="041">
      <marc:subfield code="a">ger</marc:subfield>
   </marc:datafield>
   <marc:datafield ind1=" " ind2=" " tag="300">
      <marc:subfield code="a">320 Seiten</marc:subfield>
   </marc:datafield>
</marc:record>
